Hỏi đáp giáo dục Việt Nam
Đây là phần thứ hai của cuốn sách Giáo dục Việt Nam thuộc bộ sách kiến thức bách khoa dành cho mọi người do nhà thơ Lê Minh Quốc biên soạn, phần này bắt đầu từ thời điểm thực dân pháp sau khi xâm lược nước ta đã đặt chế độ giáo dục...
Guardado en:
| Autor principal: | |
|---|---|
| Formato: | Libro |
| Lenguaje: | Undetermined |
| Publicado: |
Tp. Hồ Chí Minh
Trẻ
2001
|
| Materias: | |
| Etiquetas: |
Agregar Etiqueta
Sin Etiquetas, Sea el primero en etiquetar este registro!
|
| Thư viện lưu trữ: | Trung tâm Học liệu Trường Đại học Cần Thơ |
|---|
| LEADER | 00979nam a2200205Ia 4500 | ||
|---|---|---|---|
| 001 | CTU_44129 | ||
| 008 | 210402s9999 xx 000 0 und d | ||
| 082 | |a 371.26 | ||
| 082 | |b Qu451/T.2 | ||
| 100 | |a Lê, Minh Quốc | ||
| 245 | 0 | |a Hỏi đáp giáo dục Việt Nam | |
| 245 | 0 | |c Lê Minh Quốc | |
| 260 | |a Tp. Hồ Chí Minh | ||
| 260 | |b Trẻ | ||
| 260 | |c 2001 | ||
| 520 | |a Đây là phần thứ hai của cuốn sách Giáo dục Việt Nam thuộc bộ sách kiến thức bách khoa dành cho mọi người do nhà thơ Lê Minh Quốc biên soạn, phần này bắt đầu từ thời điểm thực dân pháp sau khi xâm lược nước ta đã đặt chế độ giáo dục Pháp-Việt. | ||
| 650 | |a Education,Education,Educational tests and measurements | ||
| 650 | |x Evaluation,History | ||
| 650 | |z Vietnam | ||
| 980 | |a Trung tâm Học liệu Trường Đại học Cần Thơ | ||